[Event "ENCI Limburg-open A"]
[Site "Maastricht"]
[Date "2012.05.26"]
[Round "2"]
[White "Voicu Jagodzinsky, Carmen"]
[Black "Van Liempt, Michael"]
[Result "1-0"]
[WhiteElo "2278"]
[BlackElo "1956"]
[PlyCount "57"]
[EventDate "2012.05.25"]
[EventType "swiss"]
[EventRounds "7"]
[EventCountry "NED"]
[Source "P.Boonen"]
[SourceDate "2013.01.01"]

1. e4 c5 2. Nf3 Nc6 3. d4 cxd4 4. Nxd4 g6 5. c4 Nf6 6. Nc3 d6 7. Nc2 Bg7 8. Be2
Be6 9. O-O O-O 10. Bd2 a6 11. Rc1 Qa5 12. Re1 Rfc8 13. a3 Nd7 14. Bf1 Nce5 15.
Ne3 Qd8 16. b3 Nc5 17. Qc2 b5 18. Ncd5 bxc4 19. Nxc4 Nxe4 20. Qxe4 f5 21. Nxe7+
Qxe7 22. Qe3 Re8 23. h3 Bxc4 24. bxc4 Qc7 25. c5 d5 26. Qb3 Qc6 27. Qb6 Rec8
28. Bf4 Nd7 29. Re8+ 1-0

[Event "ENCI Limburg-open A"]
[Site "Maastricht"]
[Date "2012.05.26"]
[Round "2"]
[White "Weber, Tom"]
[Black "Vandevoort, Pascal"]
[Result "1-0"]
[WhiteElo "2373"]
[BlackElo "2391"]
[PlyCount "79"]
[EventDate "2012.05.25"]
[EventType "swiss"]
[EventRounds "7"]
[EventCountry "NED"]
[Source "P.Boonen"]
[SourceDate "2013.01.01"]

1. c4 e5 2. g3 Nf6 3. Bg2 d5 4. cxd5 Nxd5 5. Nc3 Nb6 6. Nf3 Nc6 7. O-O Be7 8.
a3 O-O 9. b4 Be6 10. Rb1 f6 11. d3 Nd4 12. Nd2 c6 13. Nde4 Bf7 14. e3 Ne6 15.
Qc2 f5 16. Nd2 Qd7 17. Nf3 Bf6 18. Bb2 Rad8 19. Rfd1 Bh5 20. Ne2 f4 21. Nc3
fxe3 22. fxe3 Nd5 23. Nxd5 cxd5 24. Rf1 Qd6 25. Nd2 Qb6 26. Rbe1 Bg6 27. Qb3
Qb5 28. e4 Nd4 29. Bxd4 exd4 30. a4 Qc6 31. Rc1 Qe6 32. Rce1 Bg5 33. exd5 Rxf1+
34. Kxf1 Rf8+ 35. Nf3 Qg4 36. d6+ Kh8 37. Qd5 Be3 38. Ke2 Qc8 39. Qc4 Qd7 40.
Nxd4 1-0

[Event "ENCI Limburg-open A"]
[Site "Maastricht"]
[Date "2012.05.26"]
[Round "2"]
[White "Zilverberg, Jasper"]
[Black "Stone, Andrew M"]
[Result "1/2-1/2"]
[WhiteElo "2036"]
[BlackElo "2233"]
[PlyCount "34"]
[EventDate "2012.05.25"]
[EventType "swiss"]
[EventRounds "7"]
[EventCountry "NED"]
[Source "P.Boonen"]
[SourceDate "2013.01.01"]

1. d4 e6 2. c4 Bb4+ 3. Bd2 a5 4. Nc3 Nf6 5. e4 Bxc3 6. Bxc3 Nxe4 7. Qg4 d5 8.
Qxg7 Qf6 9. Qxf6 Nxf6 10. b3 b6 11. f3 Nc6 12. Ne2 O-O 13. Nf4 Rd8 14. Rd1 a4
15. cxd5 Nxd5 16. Nxd5 exd5 17. Bb5 Na7 1/2-1/2

[Event "ENCI Limburg-open A"]
[Site "Maastricht"]
[Date "2012.05.26"]
[Round "3"]
[White "Bekker, Stefan"]
[Black "Kangas, Lauri"]
[Result "1-0"]
[WhiteElo "2175"]
[BlackElo "2027"]
[PlyCount "59"]
[EventDate "2012.05.25"]
[EventType "swiss"]
[EventRounds "7"]
[EventCountry "NED"]
[Source "P.Boonen"]
[SourceDate "2013.01.01"]

1. e4 e6 2. d4 d5 3. Nd2 Nf6 4. e5 Nfd7 5. Bd3 c5 6. c3 Nc6 7. Ne2 cxd4 8. cxd4
f6 9. exf6 Nxf6 10. Nf3 Bd6 11. O-O O-O 12. Bf4 Bxf4 13. Nxf4 Ne4 14. Ne2 Rxf3
15. gxf3 Ng5 16. Kh1 Nh3 17. f4 Qh4 18. Ng3 Nxf4 19. f3 Nh3 20. f4 Nxf4 21.
Rxf4 Qxf4 22. Qh5 g6 23. Bxg6 h6 24. Rf1 Qg5 25. Qf3 Qe7 26. Qf4 Nxd4 27. Qxh6
Nf5 28. Nxf5 exf5 29. Bh7+ Kf7 30. Qg6+ 1-0

[Event "ENCI Limburg-open A"]
[Site "Maastricht"]
[Date "2012.05.26"]
[Round "3"]
[White "Beukema, Stefan"]
[Black "Zilverberg, Jasper"]
[Result "1-0"]
[WhiteElo "2292"]
[BlackElo "2036"]
[PlyCount "95"]
[EventDate "2012.05.25"]
[EventType "swiss"]
[EventRounds "7"]
[EventCountry "NED"]
[Source "P.Boonen"]
[SourceDate "2013.01.01"]

1. e4 Nf6 2. e5 Nd5 3. d4 d6 4. Nf3 Bg4 5. Be2 c6 6. h3 Bxf3 7. Bxf3 dxe5 8.
dxe5 e6 9. O-O Nd7 10. Qe2 Bc5 11. Nd2 Qc7 12. Nb3 Bb6 13. Re1 a5 14. a4 Ne7
15. Bf4 Ng6 16. Bg3 Rd8 17. Kh1 Nc5 18. Nxc5 Bxc5 19. Be4 O-O 20. f4 Rd7 21.
Bd3 Qb6 22. b3 Ne7 23. Rad1 Rfd8 24. Bh4 Qb4 25. Qg4 Rxd3 26. cxd3 Rd4 27. Re4
Nf5 28. Bf2 Qxb3 29. Bxd4 Bxd4 30. Kh2 Qxa4 31. Rb1 b5 32. Rc1 c5 33. Rxc5 Bxc5
34. Rxa4 bxa4 35. Qf3 a3 36. Qa8+ Bf8 37. Qxa5 h5 38. g4 hxg4 39. hxg4 Ne3 40.
Kg3 g6 41. Kf3 Nd5 42. f5 gxf5 43. gxf5 Ne7 44. fxe6 fxe6 45. Qxa3 Nd5 46. Qa4
Kf7 47. Qg4 Nc7 48. Qh5+ 1-0

[Event "ENCI Limburg-open A"]
[Site "Maastricht"]
[Date "2012.05.26"]
[Round "3"]
[White "Braun, Christian1"]
[Black "Ernst, Sipke"]
[Result "1/2-1/2"]
[WhiteElo "2384"]
[BlackElo "2554"]
[PlyCount "70"]
[EventDate "2012.05.25"]
[EventType "swiss"]
[EventRounds "7"]
[EventCountry "NED"]
[Source "P.Boonen"]
[SourceDate "2013.01.01"]

1. e4 e5 2. Nf3 Nc6 3. Bc4 Nf6 4. d3 Bc5 5. c3 a6 6. Bb3 Ba7 7. h3 d6 8. Nbd2
O-O 9. Nf1 Nh5 10. Ng5 g6 11. Qf3 Be6 12. Ng3 Ng7 13. Qd1 Bxb3 14. Qxb3 Qd7 15.
O-O h6 16. Nf3 Kh7 17. Be3 f5 18. Bxa7 Rxa7 19. exf5 gxf5 20. d4 e4 21. Nd2 d5
22. f4 Rf6 23. Rae1 Ra8 24. Rf2 Rg8 25. Ndf1 Nd8 26. Ne3 c6 27. Qd1 Qf7 28. Kh2
Rg6 29. Rg1 Nde6 30. Ne2 Nh5 31. g3 R6g7 32. Rfg2 Kh8 33. Qe1 Qg6 34. Qf2 Qf6
35. Qe1 Qf7 1/2-1/2

[Event "ENCI Limburg-open A"]
[Site "Maastricht"]
[Date "2012.05.26"]
[Round "3"]
[White "Brustkern, Juergen"]
[Black "Smith, Thijmen"]
[Result "1-0"]
[WhiteElo "2244"]
[BlackElo "2172"]
[PlyCount "61"]
[EventDate "2012.05.25"]
[EventType "swiss"]
[EventRounds "7"]
[EventCountry "NED"]
[Source "P.Boonen"]
[SourceDate "2013.01.01"]

1. d4 Nf6 2. c4 g6 3. Nc3 d5 4. Bg5 Ne4 5. Bh4 Nxc3 6. bxc3 Be6 7. e3 dxc4 8.
Nf3 Bg7 9. Be2 O-O 10. O-O Bd5 11. Nd2 c5 12. e4 Bc6 13. d5 Bxc3 14. Rc1 Ba4
15. Qxa4 Bxd2 16. Rxc4 Qe8 17. Qb3 b6 18. e5 Bh6 19. Re4 e6 20. Bb5 Qc8 21. Bc4
exd5 22. Bxd5 Nc6 23. e6 Nd4 24. exf7+ Kg7 25. Rxd4 cxd4 26. Qf3 g5 27. Bg3 Kh8
28. Be5+ Bg7 29. Qf6 Rxf7 30. Bxf7 Qf8 31. Bxd4 1-0

[Event "ENCI Limburg-open A"]
[Site "Maastricht"]
[Date "2012.05.26"]
[Round "3"]
[White "Clemens, Adrian HP"]
[Black "Meurs, Tom"]
[Result "1/2-1/2"]
[WhiteElo "2245"]
[BlackElo "2246"]
[PlyCount "80"]
[EventDate "2012.05.25"]
[EventType "swiss"]
[EventRounds "7"]
[EventCountry "NED"]
[Source "P.Boonen"]
[SourceDate "2013.01.01"]

1. d4 d5 2. c4 c6 3. Nc3 Nf6 4. e3 e6 5. Nf3 Nbd7 6. Qc2 Bd6 7. Bd3 O-O 8. O-O
dxc4 9. Bxc4 a6 10. Rd1 Qc7 11. e4 e5 12. g3 exd4 13. Nxd4 Ne5 14. Be2 Bc5 15.
Na4 Ba7 16. Bf4 Qe7 17. Nf5 Bxf5 18. exf5 Rfe8 19. Nc3 Neg4 20. Rf1 Rad8 21. h3
Ne5 22. Rad1 Bd4 23. Bg5 h6 24. Bh4 c5 25. Ne4 Ned7 26. Bf3 Qe5 27. Nxf6+ Nxf6
28. Kg2 Rd7 29. Bxf6 Qxf6 30. Rfe1 Rde7 31. Rxe7 Rxe7 32. b3 b5 33. a4 Re5 34.
axb5 axb5 35. g4 Re7 36. Qd3 b4 37. Bd5 Qe5 38. Qf3 Kf8 39. Bc4 Kg8 40. Rd2 Qe4
1/2-1/2

[Event "ENCI Limburg-open A"]
[Site "Maastricht"]
[Date "2012.05.26"]
[Round "3"]
[White "Coenen, Michael"]
[Black "Weber, Tom"]
[Result "1/2-1/2"]
[WhiteElo "2306"]
[BlackElo "2373"]
[PlyCount "58"]
[EventDate "2012.05.25"]
[EventType "swiss"]
[EventRounds "7"]
[EventCountry "NED"]
[Source "P.Boonen"]
[SourceDate "2013.01.01"]

1. e4 c5 2. Nf3 d6 3. d4 cxd4 4. Nxd4 Nf6 5. Nc3 a6 6. Be2 g6 7. Be3 Bg7 8. O-O
O-O 9. Qd2 Nc6 10. Rad1 Nxd4 11. Bxd4 Bd7 12. Qe3 Bc6 13. f4 Qc7 14. f5 b5 15.
e5 dxe5 16. Bxe5 Qb7 17. fxg6 hxg6 18. Bf3 Rad8 19. Rd4 Bxf3 20. Qxf3 Qxf3 21.
Rxf3 Rxd4 22. Bxd4 Rc8 23. a3 Ne8 24. Bxg7 Kxg7 25. Re3 Kf8 26. Re2 Nd6 27. a4
e6 28. axb5 axb5 29. Na2 Rc4 1/2-1/2

[Event "ENCI Limburg-open A"]
[Site "Maastricht"]
[Date "2012.05.26"]
[Round "3"]
[White "Dambacher, Martijn"]
[Black "Fier, Alexandr Hilario T"]
[Result "1/2-1/2"]
[WhiteElo "2484"]
[BlackElo "2596"]
[PlyCount "83"]
[EventDate "2012.05.25"]
[EventType "swiss"]
[EventRounds "7"]
[EventCountry "NED"]
[Source "P.Boonen"]
[SourceDate "2013.01.01"]

1. d4 Nf6 2. c4 e6 3. Nc3 Bb4 4. e3 O-O 5. Bd3 c5 6. Nf3 d5 7. O-O dxc4 8. Bxc4
Bd7 9. Qe2 Bc6 10. Rd1 Bxc3 11. bxc3 Nbd7 12. Bb3 a5 13. a4 Qb6 14. Bc2 Be4 15.
c4 Rac8 16. Bxe4 Nxe4 17. Qc2 Nd6 18. d5 e5 19. Bb2 f6 20. e4 Rce8 21. Re1 Qd8
22. Re2 Re7 23. Rae1 Qe8 24. Qb3 g6 25. Bc3 b6 26. Nd2 Qc8 27. Qc2 Qa6 28. Qd3
Rff7 29. Rf1 Kf8 30. f4 exf4 31. Rxf4 Ne5 32. Bxe5 fxe5 33. Rxf7+ Kxf7 34. Rf2+
Kg7 35. Qf3 Rf7 36. Qc3 Re7 37. Qf3 Rf7 38. Qg3 Rxf2 39. Kxf2 Nf7 40. Qh3 Qa8
41. Qe6 Qd8 42. Nf3 1/2-1/2

[Event "ENCI Limburg-open A"]
[Site "Maastricht"]
[Date "2012.05.26"]
[Round "3"]
[White "De Moor, Eric"]
[Black "Coenen, Eduard"]
[Result "1/2-1/2"]
[WhiteElo "2071"]
[BlackElo "2042"]
[PlyCount "83"]
[EventDate "2012.05.25"]
[EventType "swiss"]
[EventRounds "7"]
[EventCountry "NED"]
[Source "P.Boonen"]
[SourceDate "2013.01.01"]

1. e4 g6 2. d4 Bg7 3. Nf3 d5 4. e5 Bg4 5. h3 Bxf3 6. Qxf3 c5 7. c3 Nc6 8. Bb5
e6 9. Bxc6+ bxc6 10. b3 cxd4 11. cxd4 c5 12. Qc3 Rc8 13. O-O cxd4 14. Qxd4 Ne7
15. Bg5 Qb6 16. Qf4 Nf5 17. Nd2 Qd4 18. Nf3 Qxf4 19. Bxf4 Kd7 20. Rac1 h6 21.
Rxc8 Rxc8 22. Rc1 Rxc1+ 23. Bxc1 g5 24. Ba3 a6 25. Kf1 f6 26. g4 Ne7 27. Bxe7
Kxe7 28. exf6+ Bxf6 29. Ke2 Kd6 30. Ne1 Bc3 31. Ng2 Kc5 32. Kd3 Bb2 33. h4 e5
34. hxg5 hxg5 35. f3 Bc1 36. Ne1 Ba3 37. Nc2 Bc1 38. Ne1 a5 39. Nc2 Kb5 40. Na1
Bb2 41. Nc2 Bc1 42. Na1 1/2-1/2

[Event "ENCI Limburg-open A"]
[Site "Maastricht"]
[Date "2012.05.26"]
[Round "3"]
[White "Dekker, Marvin"]
[Black "Thinius, Marco"]
[Result "0-1"]
[WhiteElo "2083"]
[BlackElo "2376"]
[PlyCount "80"]
[EventDate "2012.05.25"]
[EventType "swiss"]
[EventRounds "7"]
[EventCountry "NED"]
[Source "P.Boonen"]
[SourceDate "2013.01.01"]

1. c4 e5 2. g3 Nc6 3. Bg2 f5 4. Nc3 Nf6 5. e3 d5 6. cxd5 Nb4 7. d4 e4 8. Bf1
Nbxd5 9. a3 c6 10. Nge2 Be6 11. Nxd5 Nxd5 12. Nc3 Qd7 13. Nxd5 Bxd5 14. Bd2 Bd6
15. Bg2 a5 16. O-O O-O 17. b4 a4 18. Bc3 Qe6 19. Qd2 Rae8 20. Rfb1 b5 21. h4 g6
22. Qe1 h6 23. Bd2 g5 24. hxg5 hxg5 25. Rb2 Re7 26. Rc1 Rg7 27. Rc3 Qg6 28.
Rbc2 Bb8 29. Qc1 Rf6 30. Rc5 Kh7 31. Rxd5 cxd5 32. Rc5 f4 33. Rxd5 f3 34. Bh3
g4 35. Qc8 Bxg3 36. fxg3 gxh3 37. Qxh3+ Qh6 38. Qxh6+ Kxh6 39. Be1 f2+ 40. Bxf2
Rgf7 0-1

[Event "ENCI Limburg-open A"]
[Site "Maastricht"]
[Date "2012.05.26"]
[Round "3"]
[White "Ducarmon, Quinten"]
[Black "Knol, Geon"]
[Result "1-0"]
[WhiteElo "2368"]
[BlackElo "2130"]
[PlyCount "101"]
[EventDate "2012.05.25"]
[EventType "swiss"]
[EventRounds "7"]
[EventCountry "NED"]
[Source "P.Boonen"]
[SourceDate "2013.01.01"]

1. e4 c6 2. d4 g6 3. Nc3 d5 4. Nf3 dxe4 5. Nxe4 Nf6 6. Nxf6+ exf6 7. Bc4 Bg7 8.
Qe2+ Qe7 9. Qxe7+ Kxe7 10. O-O Be6 11. Re1 Kd7 12. Be2 Rd8 13. h3 Bf8 14. c4
Bb4 15. Rd1 Ke7 16. Be3 a5 17. a3 Bd6 18. d5 cxd5 19. cxd5 Bd7 20. Nd2 Be8 21.
Nc4 Nd7 22. Bd2 b6 23. Nxd6 Kxd6 24. Bf4+ Ne5 25. Be3 Rdc8 26. Bxb6 Rc2 27. Bf1
Rxb2 28. Bd4 Rbb8 29. f4 Nd7 30. a4 Nb6 31. Bxf6 Bxa4 32. Be5+ Kd7 33. Rdb1 Bc2
34. Rb2 Be4 35. Bxb8 Rxb8 36. Rxa5 Ra8 37. Rxa8 Nxa8 38. Bb5+ Kd6 39. Bc6 Nc7
40. Rb6 f5 41. Bb7+ Kd7 42. d6 Bxb7 43. dxc7 Kxc7 44. Rf6 Bd5 45. g4 fxg4 46.
hxg4 Kd7 47. Ra6 Bf7 48. g5 Ke7 49. Kf2 Kf8 50. Ke3 Kg7 51. Ra7 1-0

[Event "ENCI Limburg-open A"]
[Site "Maastricht"]
[Date "2012.05.26"]
[Round "3"]
[White "Faber, Hugo"]
[Black "Holscher, Peter"]
[Result "1-0"]
[WhiteElo "2061"]
[BlackElo "2089"]
[PlyCount "73"]
[EventDate "2012.05.25"]
[EventType "swiss"]
[EventRounds "7"]
[EventCountry "NED"]
[Source "P.Boonen"]
[SourceDate "2013.01.01"]

1. e4 d6 2. d4 Nf6 3. Nc3 c6 4. a4 Nbd7 5. f4 e5 6. Nf3 Qc7 7. Be2 Be7 8. O-O
O-O 9. Kh1 a5 10. Qe1 exd4 11. Nxd4 Nc5 12. Bf3 h6 13. Qg3 Nh7 14. Be3 Bd7 15.
Bg4 Bxg4 16. Qxg4 Nf6 17. Qf3 Rfe8 18. Nf5 Ne6 19. Rae1 Bf8 20. g4 Nd7 21. h4
g6 22. Ng3 Bg7 23. f5 Ne5 24. Qe2 Nd8 25. g5 h5 26. Nxh5 gxh5 27. Qxh5 Qd7 28.
Rf2 d5 29. Bd4 Ng4 30. Rd2 Bxd4 31. Rxd4 Ne5 32. Re3 Nc4 33. Rf3 Qe7 34. f6 Qe5
35. Qh6 Ne6 36. g6 fxg6 37. f7# 1-0

[Event "ENCI Limburg-open A"]
[Site "Maastricht"]
[Date "2012.05.26"]
[Round "3"]
[White "Favier, Alain"]
[Black "Rietveld, Leo"]
[Result "0-1"]
[WhiteElo "2053"]
[BlackElo "2041"]
[PlyCount "56"]
[EventDate "2012.05.25"]
[EventType "swiss"]
[EventRounds "7"]
[EventCountry "NED"]
[Source "P.Boonen"]
[SourceDate "2013.01.01"]

1. e4 d5 2. exd5 Nf6 3. d4 Bg4 4. Be2 Bxe2 5. Nxe2 Qxd5 6. O-O Nc6 7. Be3 e6 8.
Nd2 Bd6 9. h3 g5 10. c4 Qf5 11. c5 Bf4 12. Qb3 O-O-O 13. Qa4 Nd5 14. Nc4 Bxe3
15. fxe3 Qd3 16. Nc1 Qe4 17. Qb3 f5 18. Qd3 Qh4 19. Ne2 g4 20. e4 Ndb4 21. Qg3
Qxg3 22. Nxg3 Rxd4 23. b3 gxh3 24. gxh3 Rg8 25. Kh2 Rd3 26. Rg1 Nd4 27. Rg2
Nf3+ 28. Kh1 Nh4 0-1

[Event "ENCI Limburg-open A"]
[Site "Maastricht"]
[Date "2012.05.26"]
[Round "3"]
[White "Friesen, Boris"]
[Black "Bezemer, Arno"]
[Result "1/2-1/2"]
[WhiteElo "2079"]
[BlackElo "2354"]
[PlyCount "113"]
[EventDate "2012.05.25"]
[EventType "swiss"]
[EventRounds "7"]
[EventCountry "NED"]
[Source "P.Boonen"]
[SourceDate "2013.01.01"]

1. e4 c5 2. Nf3 d6 3. d4 cxd4 4. Nxd4 Nf6 5. Nc3 a6 6. Be3 e5 7. Nb3 Be7 8. f3
Be6 9. Qd2 O-O 10. O-O-O a5 11. Kb1 a4 12. Nc1 Ra5 13. g4 d5 14. g5 d4 15. gxf6
Bxf6 16. Qg2 Nd7 17. Bd2 dxc3 18. Bxc3 Ra8 19. Bb5 a3 20. b3 Qc7 21. Ba1 Ra5
22. Bxd7 Bxd7 23. f4 Rc8 24. Nd3 Bh3 25. Qd2 exf4 26. Bxf6 gxf6 27. Nxf4 Bg4
28. Rhg1 Rg5 29. Rde1 Qe5 30. Nd3 Qe7 31. Qf4 Qc7 32. Qxc7 Rxc7 33. e5 Bf5 34.
exf6 Rxg1 35. Rxg1+ Kf8 36. Rg5 Bxd3 37. cxd3 Rc6 38. Ra5 Rxf6 39. Rxa3 Rf1+
40. Kc2 Rf2+ 41. Kc3 Rxh2 42. Ra7 h5 43. a4 h4 44. Rxb7 h3 45. Rb4 Ra2 46. Rh4
h2 47. a5 Kg7 48. a6 Kg6 49. a7 Kg5 50. Rxh2 Rxa7 51. Kd4 f5 52. Ke3 f4+ 53.
Kf3 Rb7 54. Rb2 Rb4 55. Rg2+ Kf5 56. Rb2 Kg5 57. Rg2+ 1/2-1/2

[Event "ENCI Limburg-open A"]
[Site "Maastricht"]
[Date "2012.05.26"]
[Round "3"]
[White "Gengler, Pierre"]
[Black "Sarrau, Jelle"]
[Result "0-1"]
[WhiteElo "2153"]
[BlackElo "2287"]
[PlyCount "98"]
[EventDate "2012.05.25"]
[EventType "swiss"]
[EventRounds "7"]
[EventCountry "NED"]
[Source "P.Boonen"]
[SourceDate "2013.01.01"]

1. e4 c5 2. Nf3 d6 3. Nc3 Nf6 4. g3 Bg4 5. h3 Bxf3 6. Qxf3 Nc6 7. Bg2 g6 8. O-O
Bg7 9. d3 O-O 10. Be3 Rb8 11. Qd1 b5 12. Qd2 Nd4 13. Ne2 Nxe2+ 14. Qxe2 Nd7 15.
c3 a5 16. d4 b4 17. Rad1 Qb6 18. dxc5 Nxc5 19. Bd4 bxc3 20. bxc3 Rfc8 21. Bxg7
Kxg7 22. e5 dxe5 23. Qxe5+ Qf6 24. Qxf6+ Kxf6 25. Rb1 Na4 26. Rxb8 Rxb8 27. Rc1
Rb2 28. Bd5 Nc5 29. Bc4 e6 30. Kg2 Ne4 31. Bd3 Nc5 32. Bc4 a4 33. Kf3 Nd7 34.
Ke3 Nb6 35. Bd3 Rxa2 36. Rb1 Nd5+ 37. Kd4 a3 38. c4 Ne7 39. Rb6 Rxf2 40. Ra6 a2
41. Be4 Nf5+ 42. Kc3 Nxg3 43. Bb7 Ne2+ 44. Kb2 Nf4+ 45. Kc3 Nxh3 46. c5 Nf4 47.
Be4 Ke5 48. Bc2 Nd5+ 49. Kb3 Rxc2 0-1

[Event "ENCI Limburg-open A"]
[Site "Maastricht"]
[Date "2012.05.26"]
[Round "3"]
[White "Goudriaan, Etienne"]
[Black "Offringa, Joost"]
[Result "1-0"]
[WhiteElo "2321"]
[BlackElo "2107"]
[PlyCount "33"]
[EventDate "2012.05.25"]
[EventType "swiss"]
[EventRounds "7"]
[EventCountry "NED"]
[Source "P.Boonen"]
[SourceDate "2013.01.01"]

1. d4 Nf6 2. c4 e6 3. Nc3 Bb4 4. Nf3 O-O 5. Bg5 d5 6. Qb3 a5 7. e3 c6 8. Bd3 b6
9. cxd5 exd5 10. Ne5 Qd6 11. O-O Nbd7 12. f4 Ba6 13. Ne2 Ne4 14. Bxa6 Rxa6 15.
a3 Bd2 16. Qd3 Nb8 17. Nf3 1-0

[Event "ENCI Limburg-open A"]
[Site "Maastricht"]
[Date "2012.05.26"]
[Round "3"]
[White "Heinichen, Nils"]
[Black "In 't Veld, Daan"]
[Result "0-1"]
[WhiteElo "2054"]
[BlackElo "2215"]
[PlyCount "98"]
[EventDate "2012.05.25"]
[EventType "swiss"]
[EventRounds "7"]
[EventCountry "NED"]
[Source "P.Boonen"]
[SourceDate "2013.01.01"]

1. d4 f5 2. c4 Nf6 3. Nc3 d6 4. g3 g6 5. Bg2 Bg7 6. Nf3 O-O 7. O-O Qe8 8. d5 a5
9. Nd4 Na6 10. b3 h6 11. Bb2 g5 12. e3 Bd7 13. Rc1 Kh8 14. f4 Ng4 15. Qd2 Qg6
16. Rce1 Nc5 17. Ndb5 Rac8 18. e4 gxf4 19. exf5 Qh5 20. h3 fxg3 21. Ne4 Nxe4
22. Bxg7+ Kxg7 23. Rxe4 Ne5 24. Qc3 Rxf5 25. Rg4+ Rg5 26. Rxg3 Rxg3 27. Qxg3+
Qg5 28. Qc3 Kh8 29. Kh1 Rg8 30. Rg1 Bf5 31. Qd4 Qg3 32. Qc3 Bxh3 33. Qxg3 Rxg3
34. Bxh3 Rxh3+ 35. Kg2 Rh4 36. Nxc7 Rg4+ 37. Kf1 Rxg1+ 38. Kxg1 Nd3 39. Nb5 Kg7
40. Kg2 Kf6 41. Kg3 Ke5 42. Kh4 Nc1 43. Kh5 Nxa2 44. Kxh6 Kf6 45. Nd4 Nc1 46.
Kh7 Ke5 47. Nf3+ Ke4 48. Nd2+ Kd3 49. Nb1 Nxb3 0-1

[Event "ENCI Limburg-open A"]
[Site "Maastricht"]
[Date "2012.05.26"]
[Round "3"]
[White "Henrichs, Wenke"]
[Black "Esser, Norbert"]
[Result "1-0"]
[WhiteElo "2092"]
[BlackElo "2175"]
[PlyCount "133"]
[EventDate "2012.05.25"]
[EventType "swiss"]
[EventRounds "7"]
[EventCountry "NED"]
[Source "P.Boonen"]
[SourceDate "2013.01.01"]

1. d4 Nf6 2. c4 g6 3. Nc3 d5 4. Bg5 Ne4 5. Bh4 Nxc3 6. bxc3 Bg7 7. Nf3 c5 8. e3
Nc6 9. Be2 dxc4 10. Bxc4 cxd4 11. cxd4 Qa5+ 12. Nd2 O-O 13. O-O Qd8 14. Nb3 b6
15. Qe2 Bb7 16. Rfd1 Rc8 17. Rac1 Bf6 18. Bg3 Nb8 19. h3 Qd7 20. f3 e6 21. e4
Rfd8 22. d5 e5 23. Bf2 Bg5 24. Nd2 Qe7 25. Qd3 Qd6 26. Bb5 Bxd2 27. Qxd2 a6 28.
Bf1 Nd7 29. Bh4 Rxc1 30. Rxc1 Rc8 31. Rb1 Nc5 32. Qh6 b5 33. Bg5 f6 34. Be3 Na4
35. h4 Qf8 36. Qxf8+ Kxf8 37. Rc1 Rxc1 38. Bxc1 b4 39. Kf2 Ke7 40. Ke3 Kd6 41.
Kd3 a5 42. Kc2 f5 43. Be3 fxe4 44. fxe4 Nc3 45. Bd3 Na4 46. Ba7 Kc7 47. Kb3 Nb6
48. Bb5 Nc8 49. Bc5 Nd6 50. Bxd6+ Kxd6 51. Ka4 Kc5 52. Kxa5 Bc8 53. d6 Kxd6 54.
Kxb4 Bb7 55. Bd3 Kc6 56. a4 h6 57. a5 Kc7 58. Kc5 Bc6 59. a6 g5 60. g3 gxh4 61.
gxh4 Ba8 62. a7 Bc6 63. Bc4 Bxe4 64. Bd5 Bxd5 65. Kxd5 Kb7 66. Kxe5 Kxa7 67.
Kf6 1-0

[Event "ENCI Limburg-open A"]
[Site "Maastricht"]
[Date "2012.05.26"]
[Round "3"]
[White "Hetey, Laszlo"]
[Black "Goes, Sten"]
[Result "1-0"]
[WhiteElo "2345"]
[BlackElo "2147"]
[PlyCount "59"]
[EventDate "2012.05.25"]
[EventType "swiss"]
[EventRounds "7"]
[EventCountry "NED"]
[Source "P.Boonen"]
[SourceDate "2013.01.01"]

1. d4 Nf6 2. c4 g6 3. Nc3 Bg7 4. e4 d6 5. f3 O-O 6. Bg5 Nc6 7. Nge2 a6 8. Qd2
Rb8 9. d5 Ne5 10. Nd4 c5 11. Nc2 b5 12. cxb5 axb5 13. Bxb5 Rxb5 14. Nxb5 Nc4
15. Qe2 Qa5+ 16. Kf2 Nxb2 17. a4 c4 18. Rhb1 Nd3+ 19. Kf1 Nh5 20. Ncd4 Bxd4 21.
Nxd4 Qc3 22. Be3 f5 23. exf5 Nhf4 24. Qd2 Nxd5 25. Qxc3 Nxc3 26. Rb8 Ba6 27.
Rxf8+ Kxf8 28. Ne6+ Kf7 29. Nc7 Bc8 30. Bd2 1-0

[Event "ENCI Limburg-open A"]
[Site "Maastricht"]
[Date "2012.05.26"]
[Round "3"]
[White "Hovhanisian, Mher"]
[Black "Boer, Alef"]
[Result "1-0"]
[WhiteElo "2492"]
[BlackElo "2153"]
[PlyCount "105"]
[EventDate "2012.05.25"]
[EventType "swiss"]
[EventRounds "7"]
[EventCountry "NED"]
[Source "P.Boonen"]
[SourceDate "2013.01.01"]

1. Nf3 d5 2. d4 Nf6 3. c4 c6 4. cxd5 cxd5 5. Nc3 Nc6 6. Bf4 Nh5 7. Bg5 h6 8.
Bh4 g5 9. Bg3 Bg7 10. e3 Nxg3 11. hxg3 a6 12. Rc1 Be6 13. Bd3 Rc8 14. O-O b5
15. a4 b4 16. Bxa6 bxc3 17. Bxc8 Bxc8 18. Rxc3 Bd7 19. Qb3 e6 20. Qb7 Na5 21.
Qa6 O-O 22. Rfc1 Qa8 23. Qxa8 Rxa8 24. Rc7 Nb3 25. R1c3 Bxa4 26. Rc8+ Rxc8 27.
Rxc8+ Bf8 28. Ra8 Bc6 29. Rb8 Na5 30. b4 Nc4 31. b5 Bd7 32. b6 Bc6 33. b7 Bxb7
34. Rxb7 g4 35. Ne1 Kg7 36. Nd3 Bd6 37. Kf1 Kg6 38. Ke2 Kf6 39. Ra7 Kg6 40. Rb7
Kf6 41. Nb2 Na3 42. Kd3 Bf8 43. Na4 Nc4 44. Nb6 Nd6 45. Ra7 Bg7 46. Nd7+ Kf5
47. f3 gxf3 48. gxf3 h5 49. Nc5 e5 50. e4+ dxe4+ 51. Nxe4 Nb5 52. Rxf7+ Kg6 53.
Rxg7+ 1-0

[Event "ENCI Limburg-open A"]
[Site "Maastricht"]
[Date "2012.05.26"]
[Round "3"]
[White "Jeitz, Christian"]
[Black "Schilperoort, Jeroen"]
[Result "1/2-1/2"]
[WhiteElo "2212"]
[BlackElo "1951"]
[PlyCount "54"]
[EventDate "2012.05.25"]
[EventType "swiss"]
[EventRounds "7"]
[EventCountry "NED"]
[Source "P.Boonen"]
[SourceDate "2013.01.01"]

1. e4 e6 2. d4 d5 3. Nc3 Nc6 4. Nf3 Nf6 5. Bg5 Be7 6. e5 Ne4 7. Bd2 f6 8. exf6
Bxf6 9. Bb5 O-O 10. Be3 Nd6 11. Bxc6 bxc6 12. O-O Nc4 13. Na4 e5 14. dxe5 Nxe5
15. Nxe5 Bxe5 16. f4 Bd6 17. Qd2 Qf6 18. c3 a5 19. Nc5 Bg4 20. h3 Bf5 21. g4
Qe7 22. Qf2 Rae8 23. Bd4 Bxg4 24. hxg4 Rxf4 25. Qxf4 Bxf4 26. Rxf4 Qh4 27. Rf2
Qg3+ 1/2-1/2

[Event "ENCI Limburg-open A"]
[Site "Maastricht"]
[Date "2012.05.26"]
[Round "3"]
[White "Kirkebo, Carl Peter"]
[Black "Balje, Jan"]
[Result "1-0"]
[WhiteElo "2176"]
[BlackElo "2175"]
[PlyCount "47"]
[EventDate "2012.05.25"]
[EventType "swiss"]
[EventRounds "7"]
[EventCountry "NED"]
[Source "P.Boonen"]
[SourceDate "2013.01.01"]

1. e4 c6 2. d4 d5 3. e5 Bf5 4. Nc3 e6 5. g4 Bg6 6. Nge2 f6 7. h4 fxe5 8. dxe5
Nd7 9. f4 h5 10. Nd4 Bf7 11. g5 c5 12. Nf3 Ne7 13. Bh3 Qb6 14. O-O Bg6 15. a4
Nf5 16. Nxd5 exd5 17. e6 O-O-O 18. exd7+ Rxd7 19. a5 Qd6 20. Ne5 Be7 21. c4 d4
22. Nxd7 Kxd7 23. a6 b6 24. Re1 1-0